| 000 | 01596nam0a22004091 4500 | ||
|---|---|---|---|
| 001 | RU\NLR\bibl\41693 | ||
| 005 | 20260405165836.0 | ||
| 010 |
_a5-89073-022-3 _91500 |
||
| 021 |
_aRU _b99-17526 _9848 |
||
| 035 | _a(NLR Aleph) 000040628 | ||
| 090 |
_a212110 _c212110 |
||
| 100 | _a19990804d1999 |||y0rusy50 ca | ||
| 101 | 0 | _arus | |
| 102 | _aRU | ||
| 105 | _aa ||||||||| | ||
| 200 | 1 |
_aИстория Саудовской Аравии _e(1745 г.-конец ХХ века) _fАлексей Васильев _gРос. акад. наук, Ин-т Африки |
|
| 205 | _a2-е изд., расшир. и доп. | ||
| 210 |
_aМ. _cКн. дом газ. Труд _cКлассика плюс _d1999 |
||
| 215 |
_a[2], 671 с. _cкарт. _d24 |
||
| 320 | _aБиблиогр.: с.632-644 и в примеч. | ||
| 320 | _aУказ. имен: с.651-663 | ||
| 320 | _aУказ. геогр. назв.: с.664-671 | ||
| 607 |
_aСаудовская Аравия _xИстория _92079332 _3RU\NLR\auth\661255209 |
||
| 686 | _aТ3(5Са)0,02 | ||
| 700 | 1 |
_4070 _8rus _7ca _aВасильев _bА. М. _cд-р ист. наук, африканист _f1939- _gАлексей Михайлович _3RU\NLR\auth\7771713 _954641 |
|
| 801 | 0 |
_aRU _bNLR _c19990804 _gPSBO |
|
| 801 | 1 |
_aRU _bNLR _c19990804 |
|
| 830 | _aАвт. раскрыт по кн. | ||
| 852 |
_aNLR _bОЛСАА-сл-спр _j4-1208 |
||
| 852 |
_aNLR _bОЛСАА-сл-спр _j4-1100 |
||
| 852 |
_aNLR _j99-7/1231 |
||
| 942 | _cBOOK | ||
| 980 | _aNB | ||
| 980 | 1 | _aSL_SPR | |
| 980 | 1 | _aSL_SPR | |